Komparácia možností získavania finančných zdrojov malých a stredných podnikov vo vybraných krajinách EÚ diplomová práca

Salvato in:
Dettagli Bibliografici
Autore principale: Kováčová, Kristína
Ente Autore: Fakulta podnikového manažmentu EU. Katedra podnikových financií
Altri autori: Fetisovová, Elena
Natura: Libro
Lingua:slovacco
Pubblicazione: Bratislava 2019
Tags: Aggiungi Tag
Nessun Tag, puoi essere il primo ad aggiungerne!!

MARC

LEADER 00000nbm a2200000 4500
001 0255268
005 20191122083409.0
041 0 |a slo 
044 |a SK 
245 1 0 |a Komparácia možností získavania finančných zdrojov malých a stredných podnikov vo vybraných krajinách EÚ  |b diplomová práca  |c Kristína Kováčová ; školiteľ: Elena Fetisovová 
264 1 |a Bratislava  |c 2019 
300 |a 81 s. 
100 1 |a Kováčová, Kristína 
700 1 |a Fetisovová, Elena 
710 2 |a Fakulta podnikového manažmentu EU. Katedra podnikových financií